<?xml version="1.0" encoding="UTF-8"?><?xml-stylesheet type="text/xsl" href="static/style.xsl"?><OAI-PMH xmlns="http://www.openarchives.org/OAI/2.0/" xmlns:xsi="http://www.w3.org/2001/XMLSchema-instance" xsi:schemaLocation="http://www.openarchives.org/OAI/2.0/ http://www.openarchives.org/OAI/2.0/OAI-PMH.xsd"><responseDate>2026-04-28T19:40:17Z</responseDate><request verb="GetRecord" identifier="oai:uvadoc.uva.es:10324/30854" metadataPrefix="marc">https://uvadoc.uva.es/oai/request</request><GetRecord><record><header><identifier>oai:uvadoc.uva.es:10324/30854</identifier><datestamp>2022-03-30T18:03:46Z</datestamp><setSpec>com_10324_38</setSpec><setSpec>col_10324_852</setSpec></header><metadata><record xmlns="http://www.loc.gov/MARC21/slim" xmlns:doc="http://www.lyncode.com/xoai" xmlns:xsi="http://www.w3.org/2001/XMLSchema-instance" xmlns:dcterms="http://purl.org/dc/terms/" xsi:schemaLocation="http://www.loc.gov/MARC21/slim http://www.loc.gov/standards/marcxml/schema/MARC21slim.xsd">
<leader>00925njm 22002777a 4500</leader>
<datafield tag="042" ind1=" " ind2=" ">
<subfield code="a">dc</subfield>
</datafield>
<datafield tag="720" ind1=" " ind2=" ">
<subfield code="a">Fernández Villafáñez, José Ignacio</subfield>
<subfield code="e">author</subfield>
</datafield>
<datafield tag="260" ind1=" " ind2=" ">
<subfield code="c">2018</subfield>
</datafield>
<datafield tag="520" ind1=" " ind2=" ">
<subfield code="a">El principal objetivo del presente trabajo consiste en definir una metodología que&#xd;
permita el diagnóstico de fallos en los rodamientos de motores de inducción&#xd;
mediante técnicas estadísticas. Para ello, contamos con la base de datos de una&#xd;
experimentación que registró la corriente eléctrica que circula por el motor para los&#xd;
diferentes estados de fallo del rodamiento, el cual se introdujo de forma&#xd;
intencionada. Asimismo, se emplearon diferentes fuentes de alimentación y niveles&#xd;
de carga para determinar su posible influencia.&#xd;
Las principales técnicas que se han empleado en el presente proyecto se agrupan&#xd;
dentro de las técnicas de regresión, destacando la regresión binaria y la regresión&#xd;
multiclase. Igualmente, el método elegido para la selección de variables de los&#xd;
diferentes modelos ha sido el LASSO – Least Absolute Shrinkage and Selection&#xd;
Operator.</subfield>
</datafield>
<datafield tag="024" ind2=" " ind1="8">
<subfield code="a">http://uvadoc.uva.es/handle/10324/30854</subfield>
</datafield>
<datafield ind1=" " ind2=" " tag="653">
<subfield code="a">Motores de inducción - Evaluación</subfield>
</datafield>
<datafield ind1=" " ind2=" " tag="653">
<subfield code="a">Motores eléctricos - Evaluación</subfield>
</datafield>
<datafield ind1=" " ind2=" " tag="653">
<subfield code="a">Calidad - Control</subfield>
</datafield>
<datafield ind1=" " ind2=" " tag="653">
<subfield code="a">Cojinetes (Mecánica)</subfield>
</datafield>
<datafield tag="245" ind1="0" ind2="0">
<subfield code="a">Diagnóstico de fallos en rodamientos de motores eléctricos mediante técnicas lasso</subfield>
</datafield>
</record></metadata></record></GetRecord></OAI-PMH>